| 000 | 00516nam a2200181Ia 4500 | ||
|---|---|---|---|
| 003 | OSt | ||
| 005 | 20260116122459.0 | ||
| 008 | 210210b xxu||||| |||| 00| 0 eng d | ||
| 040 | _cAL | ||
| 041 | _aKannada | ||
| 082 | _a859/425 | ||
| 100 |
_aKODAKANI (S S) _9149105 _dಕೊಡಕಣಿ (ಎಸ್ ಎಸ್) |
||
| 245 |
_aKantaapurada vajra: _bಕಾಂತಾಪುರದ ವಜ್ರ |
||
| 260 |
_aKumata _bSulabha Sahitya Prakashana |
||
| 690 |
_aKannada Fiction _9149106 |
||
| 906 | _a021295 | ||
| 942 |
_2ddc _cBK |
||
| 999 |
_c145359 _d145359 |
||